Tratado de Botánica
Guardat en:
| Autor principal: | |
|---|---|
| Altres autors: | , , |
| Format: | Llibre |
| Idioma: | espanyol |
| Publicat: |
Barcelona, España
Omega
1994
|
| Edició: | Octava edición |
| Matèries: | |
| Etiquetes: |
Afegir etiqueta
Sense etiquetes, Sigues el primer a etiquetar aquest registre!
|
MARC
| LEADER | 00000nam a2200000 a 4500 | ||
|---|---|---|---|
| 001 | UCT5072 | ||
| 003 | CL-VaPUC | ||
| 005 | 20240923110455.0 | ||
| 008 | 961129e19940000SP |||||||||||||||||spa|d | ||
| 999 | |c 254093 |d 254091 | ||
| 020 | |a 8428209790 | ||
| 040 | |c Pontificia Universidad Católica de Valparaíso | ||
| 082 | 0 | 4 | |a 581 STR 1994 |2 21 |
| 100 | 0 | |a Strasburger, Eduard |9 374336 | |
| 245 | 1 | 0 | |a Tratado de Botánica |
| 250 | |a Octava edición | ||
| 260 | 0 | 3 | |a Barcelona, España |b Omega |c 1994 |
| 300 | |a 1068 páginas | ||
| 583 | |a last modification |c 19961129 00:00:00 |k Rodrigo Vera | ||
| 650 | 0 | |a Botánica |9 264202 | |
| 650 | 0 | |a Citología |9 261432 | |
| 650 | 0 | |a Morfología vegetal |9 261628 | |
| 650 | 0 | |a Anatomía vegetal |9 269541 | |
| 650 | 0 | |a Fisiología vegetal |9 260158 | |
| 650 | 0 | |a Genética vegetal |9 264341 | |
| 650 | 0 | |a Reproducción vegetal |9 360269 | |
| 650 | 0 | |a Crecimiento vegetal |9 359570 | |
| 700 | 0 | |a Noll, Federico |9 374337 | |
| 700 | 0 | |a Schenck, H |9 374338 | |
| 700 | 0 | |a Schimper, A. F. W |9 374339 | |
| 942 | |c BK |2 ddc | ||
| 945 | |d 19961129 00:00:00 |a rleighto | ||
| 952 | |0 0 |1 0 |2 ddc |4 0 |6 581_000000000000000_STR_1994 |7 0 |8 A |9 275480 |a BIBAGR |b BIBAGR |d 2019-11-19 |i 3978206 |o 581 STR 1994 |p 3978206 |r 2025-01-20 |t 2 |w 2019-11-19 |y BK |k AGR | ||